Data Structures using C (Record no. 5144)

MARC details
000 -LEADER
fixed length control field 00477nam a2200157Ia 4500
003 - CONTROL NUMBER IDENTIFIER
control field SGT
020 ## - INTERNATIONAL STANDARD BOOK NUMBER
International Standard Book Number 9788131755662
082 ## - DEWEY DECIMAL CLASSIFICATION NUMBER
Classification number 5.73
Item number SHA
100 ## - MAIN ENTRY--PERSONAL NAME
Personal name Sharma,A.K
245 ## - TITLE STATEMENT
Title Data Structures using C
260 ## - PUBLICATION, DISTRIBUTION, ETC. (IMPRINT)
Name of publisher, distributor, etc Pearson
Place of publication, distribution, etc N.Delhi
Year of Publication 2011
300 ## - PAGE DESCRIPTION
No. of Pages 446p.
650 ## - SUBJECT ADDED ENTRY--TOPICAL TERM
Topical term or geographic name as entry element COMPUTER SCIENCE
653 ## - KEYWORDS--INDEX TERM
Keyword term OVERVIEW OF 'C',DATA STRUCTURES AND ALGORITHMS: AN INTRODUCTION ARRAYS:SEARCHING AND SORTING,POINTERS,LINKED LISTS,TREES,ADVANCED DATA STRUCTURES
942 ## - ADDED ENTRY ELEMENTS (KOHA)
Source of classification or shelving scheme Dewey Decimal Classification
Koha item type Books
942 ## - ADDED ENTRY ELEMENTS (KOHA)
-- 12
Holdings
Withdrawn status Lost status Source of classification or shelving scheme Damaged status Use restrictions Not for loan Collection code Home library Current library Shelving location Date acquired SGTU Full call number Accession No. (Barcode) Date last seen Bill Date Koha item type Total Checkouts Total Renewals Date last borrowed
    Dewey Decimal Classification   Restricted Access Not For Loan ENGINEERING SGT Engineering Library SGT Engineering Library Reference Book 24/06/2011 SGTU 5.73 SHA FE2865 09/02/2015 09/02/2015 Books      
    Dewey Decimal Classification         SGT Engineering Library SGT Engineering Library   24/06/2011 SGTU 5.73 SHA FE2866 14/09/2023 09/02/2015 Books 10 3 31/08/2023
    Dewey Decimal Classification       ENGINEERING SGT Engineering Library SGT Engineering Library Text Book 24/06/2011 SGTU 5.73 SHA FE2867 09/02/2015 09/02/2015 Books      
    Dewey Decimal Classification         SGT Engineering Library SGT Engineering Library   24/06/2011 SGTU 5.73 SHA FE2868 07/10/2024 09/02/2015 Books 10 2 18/09/2024
    Dewey Decimal Classification         SGT Engineering Library SGT Engineering Library   24/06/2011 SGTU 5.73 SHA FE2869 26/10/2022 09/02/2015 Books 7   07/10/2022